000 00381nam a2200157Ia 4500
008 230312s9999||||xx |||||||||||||| ||und||
020 _a0-201-60891-x
082 _a005.43
_bDIL-W
100 _aDilascia Paul
245 0 _aWindows + +
260 _bAddison Wesley
_aNew York
_c1992
300 _a571
546 _aEng.
650 _aComputer
_vIntroducing Windows + +
942 _cBK
999 _c3067
_d3067